THE SULBASUTRAS (Record no. 9046)

MARC details
000 -LEADER
fixed length control field 00388nam a22001577a 4500
005 - DATE AND TIME OF LATEST TRANSACTION
control field 20260227113834.0
008 - FIXED-LENGTH DATA ELEMENTS--GENERAL INFORMATION
fixed length control field 260227b |||||||| |||| 00| 0 eng d
041 ## - LANGUAGE CODE
Language code of text/sound track or separate title eng
082 ## - DEWEY DECIMAL CLASSIFICATION NUMBER
Classification number 509.954 SEN.S
100 ## - MAIN ENTRY--AUTHOR NAME
Personal name SEN,S.N &BAG,A.K
245 ## - TITLE STATEMENT
Title THE SULBASUTRAS
260 ## - PUBLICATION, DISTRIBUTION, ETC. (IMPRINT)
Place of publication NEW DELHI
Name of publisher INDIAN NATIONAL SCIENCE ACADEMY
Year of publication 1983
300 ## - PHYSICAL DESCRIPTION
Number of Pages 293;P
650 ## - SUBJECT ADDED ENTRY--TOPICAL TERM
Topical Term BGP
942 ## - ADDED ENTRY ELEMENTS (KOHA)
Koha item type Books
Holdings
Lost status Damaged status Collection code Home library Current library Shelving location Date acquired Source of acquisition Cost, normal purchase price Full call number Accession Number Koha item type
    BHARTIYA GYAN PARAMPARA JRU Library JRU Library KAUTILYA BOOK SANGRAH 27/02/2026 INDIAN NATIONAL SCIENCE ACADEMY 340.00 509.954 SEN.S 29282 Books